Find the US States in Russian Quiz Stats

 Plays Quiz Updated Nov 22, 2018

Score 0/50 Timer 10:00
15 Plays Today
% Correct
Техас
81.7%
Монтана
79.3%
Оклахома
77%
Миннесота
75.4%
Нью-Мексико
75%
Теннесси
73.8%
Канзас
73.6%
Алабама
73%
Аляска
70.9%
Мэн
70.8%
Массачусетс
70.8%
Кентукки
70.4%
Орегон
68.8%
Нью-Йорк
67.1%
Вермонт
64.9%
Южная Дакота
64.2%
Арканзас
63.8%
Северная Дакота
63.7%
Калифорния
63.3%
Аризона
62.9%
Коннектикут
62.4%
Огайо
61.5%
Северная Каролина
61.3%
Колорадо
61.3%
Южная Каролина
59.7%
% Correct
Западная Виргиния
58.2%
Небраска
57.4%
Вашингтон
55.2%
Виргиния
54.9%
Невада
54.5%
Нью-Джерси
54.5%
Мичиган
53.8%
Нью-Гэмпшир
53.4%
Пенсильвания
53.3%
Миссисипи
52.2%
Иллинойс
52.2%
Миссури
52.1%
Флорида
51.4%
Pод-Айленд
50.6%
Айова
50%
Индиана
49.1%
Вайоминг
48.8%
Айдахо
48.4%
Мэриленд
48.2%
Висконсин
48.1%
Делавэр
47.3%
Луизиана
46.5%
Юта
45.6%
Гавайи
45.6%
Джорджия
44.7%

You're not logged in!

Compare scores with friends on all Sporcle quizzes.
OR
Log In

Show Comments

Extras

Top Quizzes Today


Score Distribution

Your Account Isn't Verified!

In order to create a playlist on Sporcle, you need to verify the email address you used during registration. Go to your Sporcle Settings to finish the process.

Report this User

Report this user for behavior that violates our Community Guidelines.

Details: